000 00836nas a2200277 4500
001 BR2012007701
003 BR-BrBNA
005 20231205121310.0
007 ta
008 230509b bl.|||p| |||| 00| 00por d
040 _aBR-BrBNA
_bpor
_cBiblioteca Nacional de Agricultura
041 _a(Pt)
072 _aJ11
100 1 _aTeixeira, G.H. de A.
100 1 _aDurigan, J.F.
245 1 _aControle do amadurecimento de carambolas com 1-MCP
246 1 _aRipening control of carambolas with 1-MCP
650 _aCARAMBOLA
650 _aAVERRHOA CARAMBOLA
650 _aFRUTA
650 _aMATURAÇÃO
650 _aCONSERVAÇÃO
773 0 _tRevista Brasileira de Fruticultura (Brazil)
_xISSN 0100-2945
_g(Dec 2006), v. 28(3) p. 339-342
_wBR2012007701
909 _a202311
_bLúcia
_c55
_dLúcia Elande
942 _2AGRIS
_n0
_cANA
999 _c222819
_d222819